ទឹកចិត្តកូនប្រុស : (Record no. 8600)
[ view plain ]
| 000 -LEADER | |
|---|---|
| fixed length control field | 02441nam a22003017a 4500 |
| 001 - CONTROL NUMBER | |
| control field | 8600 |
| 003 - CONTROL NUMBER IDENTIFIER | |
| control field | FISKH |
| 005 - DATE AND TIME OF LATEST TRANSACTION | |
| control field | 20251002123221.0 |
| 008 - FIXED-LENGTH DATA ELEMENTS--GENERAL INFORMATION | |
| fixed length control field | 251002b cb ||||| |||| 00| 0 eng d |
| 020 ## - INTERNATIONAL STANDARD BOOK NUMBER | |
| International Standard Book Number | 9789995084370 |
| 040 ## - CATALOGING SOURCE | |
| Original cataloging agency | FISKH |
| Language of cataloging | khr |
| Transcribing agency | FISKH |
| Modifying agency | FISKH |
| 050 ## - LIBRARY OF CONGRESS CALL NUMBER | |
| Classification number | PZ7 |
| 100 ## - MAIN ENTRY--PERSONAL NAME | |
| Personal name | Sotheary, Kimsun |
| 245 ## - TITLE STATEMENT | |
| Title | ទឹកចិត្តកូនប្រុស : |
| Remainder of title | The sons' heart / |
| Statement of responsibility, etc. | និពន្ធដោយ អ្នកស្រី គឹមស៊ុន សុធារី , កែសម្រួលដោយ អ្នកស្រី លឹម សន្តិភាព និងលោក ង៉ូវ ងីំម |
| 260 ## - PUBLICATION, DISTRIBUTION, ETC. | |
| Place of publication, distribution, etc. | Phnom Penh : |
| Name of publisher, distributor, etc. | Reading Books , |
| Date of publication, distribution, etc. | 2009. |
| 300 ## - PHYSICAL DESCRIPTION | |
| Extent | 28 pages : |
| Other physical details | color illustrations ; |
| Dimensions | 25 cm . |
| 490 ## - SERIES STATEMENT | |
| Series statement | ពិភពរឿងនិទាន |
| 505 ## - FORMATTED CONTENTS NOTE | |
| Formatted contents note | M <br/> |
| 520 ## - SUMMARY, ETC. | |
| Summary, etc. | ឪពុកម្នាក់បានស្តាប់ពាក្យភរិយាថ្មីរបស់ខ្លួន ហើយបោះបង់កូនប្រុសពីរនាក់ចោលក្នុងព្រៃ។ កូនទាំងពីរបានរស់រានមានជីវិតដោយការប្រមាញ់សត្វ នេសាទ និងដាំដំណាំ។ ពួកគេបានខិតខំធ្វើការដ៏ពិបាកនៅក្នុងចម្ការរយៈពេលប៉ុន្មានឆ្នាំ និងបានក្លាយជអ្នកមាន។<br/>នៅពេលពួកគេបានជួបឪពុកវិញ ពួកគេមិនបានខឹងឬធ្វើអំពើអាក្រក់នឹងឪពុកទេ ទាល់តែបានអនុញ្ញាតនិងអង្វរ បំពេញសេចក្តីល្អវិញ។ |
| 520 ## - SUMMARY, ETC. | |
| Summary, etc. | The father who listened to his new wife and abandaned two sons in the wood; the boys survived by hunting, fishing and planting; the boys worked hard in the farm for years and became rich. When they met their father, they didn't angry with him and repaid a good deed. |
| 521 8# - TARGET AUDIENCE NOTE | |
| Target audience note | 530 <br/> |
| Source | Lexile estimate <br/> |
| 521 8# - TARGET AUDIENCE NOTE | |
| Target audience note | M <br/> |
| Source | Raz-Plus <br/> |
| 650 ## - SUBJECT ADDED ENTRY--TOPICAL TERM | |
| Topical term or geographic name entry element | ទឹកចិត្តកូនប្រុស |
| Form subdivision | រឿងនិទានកុមារ |
| 650 ## - SUBJECT ADDED ENTRY--TOPICAL TERM | |
| Topical term or geographic name entry element | The sons' heart |
| Form subdivision | Children's stories |
| 700 ## - ADDED ENTRY--PERSONAL NAME | |
| Personal name | Bora, Hong |
| Relator term | Illustrator |
| 942 ## - ADDED ENTRY ELEMENTS (KOHA) | |
| Source of classification or shelving scheme | Dewey Decimal Classification |
| Koha item type | Khmer Books |
| Suppress in OPAC | No |
| Withdrawn status | Lost status | Source of classification or shelving scheme | Damaged status | Not for loan | Collection | Home library | Current library | Shelving location | Date acquired | Total Checkouts | Full call number | Barcode | Date last seen | Price effective from | Koha item type |
|---|---|---|---|---|---|---|---|---|---|---|---|---|---|---|---|
| Dewey Decimal Classification | Khmer-English Bilingual / ភាសាខ្មែរ-អង់គ្លេស | Footprints International School Library Network Toul Tom Poung Campus | Footprints International School Library Network Toul Tom Poung Campus | TTP Primary Khmer Bookshelves | 10/02/2025 | SOT PZ7 | FIS04325 | 10/02/2025 | 10/02/2025 | Khmer Books |
